• 首页
  • 本馆介绍
  • 公告通知
  • 最新文献
  • 馆藏检索
  • 电子资源
  • 读者导购
  • 参考咨询
  • 我的图书馆
  • 登录
  • 详细信息显示
  • 放入我的书架
  • 预约/预借图书
  • 作者相关作品
  • 分类相关作品
  • 丛书相关作品
  • 出版社相关作品

书目信息

  • 表格格式
  • 工作单格式
  • 卡片格式
题名:
《水经注》选注
    
 
作者: 谭家健 , 李知文 选注
分册:  
出版信息: 北京   中国社会科学出版社  1989.3
页数: 521页
开本: 20cm
丛书名:
单 册:
中图分类: K928.4
科图分类:
主题词: 水(地理)--中国
电子资源:
ISBN: 7-5004-0279-1
000 00641nam0 2200217 45
001 0190012423
005 20060329104653.51
010    @a7-5004-0279-1@dCNY7.20
100    @a19921221d1989 em y0chiy0121 ea
101 0  @achi
102    @aCN@b110000
105    @ay z 000yy
200 12 @a《水经注》选注@A《shui jing zhu》xuan zhu@f谭家健,李知文选注@Ftan jia jian,li zhi wen xuan zhu
210    @a北京@c中国社会科学出版社@d1989.3
215    @a521页@d20cm
606    @a水(地理)@y中国
690    @aK928.4@v4
701  0 @a谭家健@Atan jia jian@4选注
701  0 @a李知文@Ali zhi wen@4选注
801  0 @aCN@bNLC@c20060329
905    @dK928.4@e174
    
    《水经注》选注/谭家健,李知文选注.-北京:中国社会科学出版社,1989.3
    521页;20cm
    
    
    ISBN 7-5004-0279-1:CNY7.20
    
●
相关链接 在E读中查询图书 在五车中查询图书 在当当中查询图书 在豆瓣中查询图书


正题名:《水经注》选注     索取号:K928.4/174         预约/预借

序号 登录号 条形码 馆藏地/架位号 状态 备注
1 0246610   001511377   第二借阅区/ [索取号:K928.4/174] 在馆    
2 0246611   002001265   第二借阅区/ [索取号:K928.4/174] 在馆    
3 0246612   202237935   密集书库/ [索取号:K928.4/174] 在馆    
4 0246613   202237882   密集书库/ [索取号:K928.4/174] 在馆    
5 0246614   000080502   第二样本阅览室/ [索取号:K928.4/174] 在馆    
唐山师范学院图书馆 欢迎您!
大连网信软件有限公司© 版权所有